Cơ sở di truyền chọn giống động vật
Kiến thức cơ bản về nguyên lí chọn, tạo giống động vật: Cơ sở di truyền các tình trạng ở vật nuôi, chọn giống thuần chủng, lai tạo, áp dụng công nghệ sinh học v.v... Công tác chọn giống và nhận giống gia súc, gia cầm, cá
Сохранить в:
| Главный автор: | |
|---|---|
| Другие авторы: | , |
| Формат: | |
| Язык: | Vietnamese |
| Опубликовано: |
H.
Giáo dục
1999
|
| Предметы: | |
| Метки: |
Добавить метку
Нет меток, Требуется 1-ая метка записи!
|
| Thư viện lưu trữ: | Mạng thư viện Đại học Đà Nẵng |
|---|
| LEADER | 01789nam a22004578a 4500 | ||
|---|---|---|---|
| 001 | 000009182 | ||
| 003 | 5377 | ||
| 005 | 20120315110342.0 | ||
| 008 | 111025s1999 b 000 0 vieod | ||
| 020 | |c 38000đ |d 1500b | ||
| 041 | 0 | |a vie | |
| 080 | |a 636.03 | ||
| 082 | |a 576.5 |b ĐĂ-L | ||
| 084 | |a M53 |b C460S | ||
| 100 | 1 | |a Đặng Hữu Lanh | |
| 245 | 1 | 0 | |a Cơ sở di truyền chọn giống động vật |c Đặng Hữu Lanh (ch.b), Trần Đình Miên, Trần Đình Trọng |
| 260 | |a H. |b Giáo dục |c 1999 | ||
| 300 | |a 475tr : minh hoạ |c 21cm | ||
| 500 | |a ĐTTS ghi: Trường đại học Sư phạm Hà Nội. - Thư mục: tr. 470-471 | ||
| 520 | |a Kiến thức cơ bản về nguyên lí chọn, tạo giống động vật: Cơ sở di truyền các tình trạng ở vật nuôi, chọn giống thuần chủng, lai tạo, áp dụng công nghệ sinh học v.v... Công tác chọn giống và nhận giống gia súc, gia cầm, cá | ||
| 653 | |a di truyền | ||
| 653 | |a Cá | ||
| 653 | |a giáo trình | ||
| 653 | |a Lai giống | ||
| 653 | |a Công nghệ sinh học | ||
| 653 | |a gia cầm | ||
| 653 | |a gia súc | ||
| 653 | |a Chọn giống | ||
| 700 | 1 | |a Trần Đình Miên |e Tác giả | |
| 700 | 1 | |a Trần Đình Trọng |e Tác giả | |
| 910 | |a Nguyễn Thị Kim Oanh |d 25/10/2011 | ||
| OWN | |a LSP | ||
| AVA | |a UDN50 |b LSP |d 576.5 ĐĂ-L |e check_holdings |t Error 5003 Not defined in file expand_doc_bib_avail. |h N |k 1 | ||
| 999 | |a From the UDN01 | ||
| AVA | |a UDN50 |b LSP |d 576.5 ĐĂ-L |e available |t Error 5001 Not defined in file expand_doc_bib_avail. |f 13 |g 0 |h N |i 0 |k 1 | ||
| TYP | |a Monograph | ||
| TYP | |a Printed language | ||
| 980 | |a Mạng thư viện Đại học Đà Nẵng | ||